000 00665nam a22001815i 4500
001 155776
003 ES-MaACL
005 20230906210208.0
008 040729m18411852gw |||| | ger d
040 _aCAM
_bspa
_cCAM
080 _a081 Humboldt, Wilhelm von
100 1 _aHumboldt, Wilhelm von.
_964716
245 1 0 _aWilhem von Humboldt's gesammelte Werke.
260 _aBerlin :
_bG. Reimer,
_c1841-1852.
300 _a7 v. (VIII, 408; IV, 396; VI, 425; X, 390 p., [1] h.pleg. de lám.; IV, 428; X, 630; VI, 488 p.) ;
_c22 cm.
599 _aLa h. de lám. grab. calc.: "E. Jattnig sc."
852 _aES-MaACL
_jZ-221-27
_xOlim: G-2591-97
_z-- Enc. hol.
999 _c155776
_d155776